[Event "Lee Cup 4th"]
[Site "Beijing"]
[Date "1997.09.02"]
[Round "9"]
[White "Wu, Wenjin"]
[Black "Zhang, Zhong"]
[Result "1/2-1/2"]
[WhiteElo "2320"]
[BlackElo "2475"]
[Annotator "Nor,I"]
[PlyCount "29"]
[EventDate "1997.08.23"]
[EventType "swiss"]
[EventRounds "11"]
[EventCountry "CHN"]
[SourceTitle "CBM 061"]
[Source "ChessBase"]
[SourceDate "1997.11.23"]
[SourceVersion "1"]
[SourceVersionDate "1997.11.23"]
[SourceQuality "1"]

{Gershon} 1. e4 c5 2. Nf3 d6 3. d4 cxd4 4. Nxd4 Nf6 5. Nc3 a6 6. Be2 e5 7. Nf3
$6 h6 (7... Be7 8. Bg5 Nbd7 9. a4 O-O 10. O-O h6 11. Bxf6 Nxf6 12. Bc4 Be6 13.
Qd3 Rc8 14. Nd2 {Van der Wiel-Beliavsky, Wijk aan Zee 1985} Qc7 15. Bxe6 fxe6
16. Qh3 Qd7 17. a5 Bd8 $10 {Beliavsky}) (7... Qc7 $5) 8. a4 (8. O-O Be7 (8...
Be6 9. Re1 Nbd7 10. Bf1 Be7 11. a4 b6 12. b3 O-O 13. Bb2 Qc7 14. h3 Rfc8 15.
Qd2 Qb7 16. Rad1 Bf8 $10 {Zapata-Olafsson,H, Beograd 1988}) 9. Re1 (9. h3 O-O
10. Nh2 $6 Be6 11. Ng4 Nbd7 12. Ne3 b5 13. Ncd5 Rc8 14. Nxe7+ Qxe7 15. a4 b4
16. Nd5 Bxd5 17. exd5 Nc5 18. c3 bxc3 19. b4 c2 $5 20. Qxc2 Ne6 21. Qa2 Nd4 22.
Bxa6 Rc2 23. Bb2 Ne4 $40 {0-1 Grechkin,D-Lubensky,T/Tbilisi URS sf 1949 (31)})
9... O-O (9... Qc7 10. h3 b5 11. a4 b4 12. Nd5 Nxd5 13. exd5 O-O 14. Bd2 Qb7
15. a5 Bf5 $132 {1/2-1/2 Tringov,G-Misailovic,N/JUG-chT2 1994 (37)}) 10. Bf1
Qc7 11. a4 Be6 12. a5 Rc8 $1 $15 {[%csl Rc2][%cal Gc8c2] 0-1 Zapata,A-Milos,G/
Yopal (7) 1997 cbm60}) (8. Bc4 Be6 9. Bxe6 fxe6 10. Nh4 Nc6 11. Ng6 Rg8 12. O-O
Kf7 13. Nxf8 Rxf8 14. f4 Kg8 15. Be3 exf4 16. Rxf4 Qc7 17. Qe2 Ne5 $10 {
Van der Wiel-Portisch, Tilburg 1984}) 8... Be7 (8... Be6 9. O-O Nc6 10. Re1 (
10. Be3 Rc8 11. Nd2 Be7 12. Nc4 Nd4 13. Bxd4 Bxc4 14. Bxc4 Rxc4 15. Be3 Qc7 16.
Qd3 O-O 17. a5 Rc8 18. f3 d5 19. Nxd5 Nxd5 20. exd5 Rxc2 21. Rac1 Bc5 22. Rxc2
Bxe3+ 23. Qxe3 Qxc2 $15 {1-0 Gscheidlen,W-Pfannkuche,M/BL 1984 (42)}) 10... Be7
11. Bf1 Rc8 12. Nd5 Bxd5 13. exd5 Nb4 14. c4 a5 15. Ra3 Nd7 16. g4 Nc5 17. h4
Bxh4 18. Nxh4 Qxh4 19. Rh3 Qe7 20. f4 f6 $17 {Gallego,-Stohl, GM, 1994}) 9. O-O
O-O (9... Be6 $5 10. Re1 Nbd7 (10... O-O 11. h3 (11. a5 Nc6 12. Be3 Nxa5 13.
Na4 Nc6 14. Nb6 Rb8 15. Nd2 Nd4 16. Bxd4 exd4 17. Nbc4 Qc7 18. Na3 Rfe8 19. h3
b5 20. Bd3 Nd7 21. f4 Nb6 22. b3 Qc5 23. Nf3 Bf6 24. g4 Bd7 25. Qe2 Nd5 26. Qh2
Ne3 27. Nb1 Ra8 28. Nbd2 Bc6 29. Qg3 g6 30. h4 a5 31. g5 hxg5 32. hxg5 Bg7 33.
Kf2 a4 34. bxa4 Rxa4 35. Nb3 Qc3 {Berkis,E-Bode,W/Dortmund op 1990/0-1 (48)})
11... Qc7 12. Bf1 b6 13. Nd5 Nxd5 14. exd5 Bf5 15. Bd3 Bxd3 16. Qxd3 Nd7 17. b4
Rfc8 18. Nd4 Bf6 19. Nf5 e4 20. Qg3 Bxa1 21. Bf4 Qc3 22. Re3 Qf6 23. Nxh6+ Kh7
24. Ng4 Qg6 25. Qh4+ Kg8 26. Rg3 Bf6 27. Nh6+ Kh7 28. Rxg6 Bxh4 {0-1 Pulkkinen,
K-Keskisarja,T/ch-FIN Helsinki 1996}) 11. b3 Rc8 12. Bb2 O-O 13. h3 Rc6 14. Rc1
Qa5 15. Qd2 Bd8 $132 {0-1 Kogan,A-Magerramov,E/Budapest Spring op 1989 (43)})
10. b3 $6 (10. Re1 $142 $5) 10... Nc6 $6 {"Mistake"!There are two differences
between this position and Boleslavsky variation:1.White didn't [and doesn't
have to!] play "h3" 2.Black played "a6",when in "Boleslavsky" he doesn't have
to do it. 2 differences=about 1.5 more tempies for white!But black could make
a third difference.Usually,in Boleslavsky variation black plays Nc6-b8-d7.Here
he could do it without wasting time [10...Be6,and 11...Nb-d7].This third
difference=2 tempis and black could get a very good position.} (10... Be6 $142
$1) 11. Re1 Be6 12. Bb2 {If white had played 10.Re1 [instead of 10.b3] ,and
after this 11.Bf1,he could stand very well [12.Nd5!].} (12. Nd5 $2 Nxe4 13. Bc4
Bxd5 14. Bxd5 (14. Qxd5 Nf6 15. Qd1 d5) 14... Nc3 15. Qd3 Nxd5 16. Qxd5 Qa5 $17
) 12... Rc8 13. Nd2 $146 {This novelty is better than 13.Qd2,but still 13.Bf1
was interesting.} (13. Qd2 $143 $6 Qc7 14. Bd1 Nb8 15. a5 Qc6 16. Qe3 Nbd7 17.
Be2 Rfe8 18. h3 Bf8 19. Ra4 Nc5 20. Rb4 Qc7 21. Ra1 d5 22. exd5 Bxd5 23. Rh4
Bc6 24. Rc4 Ncd7 25. b4 Qb8 26. Nd2 b5 27. axb6 Nxb6 {Mok Tze Meng-Yang Xian/
Jakarta zt 1993/CBM 35/0-1 (40)}) (13. Bf1 $5) 13... Nd4 14. Bc4 Qa5 $6 (14...
Bg4 $142 $1 15. f3 Qb6 {[%cal Rb6g1]} 16. Kh1 Be6 17. Nd5 {[%cal Gb2d4,Yb6d4]}
Nxd5 18. exd5 Bf5 $13) 15. Nd5 $1 {I see no reason to offer a draw!} 1/2-1/2

[Event "Dortmund SuperGM 25th"]
[Site "Dortmund"]
[Date "1997.07.04"]
[Round "1"]
[White "Polgar, Judit"]
[Black "Gelfand, Boris"]
[Result "1/2-1/2"]
[WhiteElo "2670"]
[BlackElo "2695"]
[Annotator "Nor,I"]
[PlyCount "64"]
[EventDate "1997.07.04"]
[EventType "tourn"]
[EventRounds "9"]
[EventCountry "GER"]
[EventCategory "18"]
[SourceTitle "CBM 060"]
[Source "ChessBase"]
[SourceDate "1997.09.29"]
[SourceVersion "1"]
[SourceVersionDate "1997.09.29"]
[SourceQuality "1"]

1. e4 {Gershon} c5 2. Nf3 d6 3. d4 cxd4 4. Nxd4 Nf6 5. Nc3 a6 6. Be2 e5 7. Nb3
Be7 8. O-O O-O 9. Kh1 b6 $6 {[!] After the game Shirov-Gelfand everybody plays
9.Kh1! 9...b6 can't be a good chessmove,but it is a smart decision! Gelfand
wants to see how deep Polgar understands this position without theory.} 10. Be3
$6 {After this move white will not be better.If 10.f4 is the main move after 9.
..b5,it sertently is after 9...b6.} (10. a4 $6 Nbd7 11. Bc4 $6 Bb7 12. Qe2 Nxe4
$6 13. Nxe4 d5 14. Bd3 dxe4 15. Bxe4 Bxe4 16. Qxe4 f5 17. Qc4+ Kh8 18. Rd1 Qe8
19. c3 Rd8 20. Re1 f4 21. Nd2 $6 Nc5 22. Ne4 $2 Nd3 23. Rf1 f3 $1 24. Qe6 fxg2+
25. Kxg2 Qh5 $19 {0-1 Ivanov,A-Vera,R/Cienfuegos 1980 (28)}) (10. Nd5 $6 Nxd5 (
10... Nxe4 $2 11. Bf3 f5 (11... Bf5 12. Qe2 $18) 12. Nxe7+ Qxe7 13. Bxe4 fxe4
14. Qd5+ $18) 11. Qxd5 Qc7 $1 $132 12. Qxa8 $140 $2 Bb7 13. Qa7 Nc6) (10. f4 $5
Bb7 11. Bf3 $5 $14 (11. fxe5 $6 dxe5 (11... Nxe4 12. Nxe4 Bxe4 13. Bf3 Bxf3 14.
Qxf3 Nd7 15. exd6 Bxd6 $11) 12. Bd3 Nc6 $1 $13 (12... Nbd7 $6 13. Bg5 $36)))
10... Bb7 11. Nd5 $6 {White continues her plan - playing on the queen flank.
Good plan... in other positions!She had to stop and play more carefully [11.
f3!?].} (11. f3 $5 Nbd7 12. a4 (12. Qd2 Rc8 13. Rfd1 Qc7 14. Rac1 Rfd8 $13 {
1-0 Francis Vasquez-Abdullah Ali Mahmoud/Ch World cadets unde 1993 (35)}) 12...
Qc7 13. Rf2 $5 h6 14. Bf1 Rfc8 $6 15. Nc1 Nc5 16. N1a2 $5 a5 $2 17. Rd2 Ne8 18.
Nb5 Qc6 19. Nac3 $16 {1-0 Solozhenkin,E-Saulin,D/RUS-ch Elista 1995 (40)})
11... Nxd5 (11... Nxe4 $2 12. Nxb6 Ra7 13. Nd7 Nxd7 14. Bxa7 $18) 12. exd5 Bg5
$1 $15 13. Qd2 $6 (13. Bd3 $142 $5 Bxe3 (13... f5 $2 14. f4 $1 $14) 14. fxe3
Qh4 15. e4 {It is better then in game.}) 13... Bxe3 14. fxe3 Qh4 $6 (14... f5
$142 $5 15. Bd3 $5 g6 (15... Qg5 $6 16. e4 f4 17. Qb4 $1 Qd8 18. Na5 Bxd5 $140
19. Bc4 Bxc4 20. Nxc4 $14) 16. e4 $140 f4 $15) (14... Nd7 15. Bd3 Nc5 16. Nxc5
$140 dxc5 $6 (16... bxc5 $142) 17. d6 $1 (17. c4 $2 Qd6 $17) 17... e4 18. Bc4
$14) 15. Bd3 $5 Nd7 16. e4 a5 $6 {Black's position should be better,but it is
not easy to use this "better"! Gelfand sees it and starts worrying.} 17. Qe3 $1
{/\ Nb3-d2-c4} f5 $6 {Too early.} 18. exf5 $2 (18. Bb5 $1 f4 (18... Nc5 $6 19.
Nxc5 bxc5 20. exf5 Bxd5 21. Rad1 {And white is not worse.}) 19. Qe1 $1 (19. Qg1
Nc5 20. Nxc5 bxc5 $17) 19... Qxe1 20. Raxe1 Nf6 21. Nd2 $1 Rac8 $8 22. Nc4 (22.
Bd3 $6 Nd7 23. Nc4 Rf6 $17) 22... Nxe4 (22... Rfd8 $6 23. b3 $1 $16) 23. Nxb6 (
23. Rxe4 $2 Bxd5) 23... Rc5 24. c4 Nf6 $13) 18... Bxd5 $15 19. Rad1 Rf6 $1 20.
Kg1 (20. Bb5 $143 $6 Rh6 21. h3 $6 (21. Qg1 Nf6 $40) 21... Nf6 $1 $40 (21...
Qxh3+ $2 22. Qxh3 Rxh3+ 23. Kg1 $18)) 20... Rh6 21. Qg3 (21. h3 $143 $6 a4 22.
Nc1 Bc6 23. c4 Nc5 $17) 21... Bc6 $2 (21... Qxg3 $142 22. hxg3 a4 23. Nc1 Nc5
$17) 22. Qxh4 Rxh4 23. g3 $1 Rh6 $6 (23... Ra4 $5 {Was black's last chance.})
24. Bc4+ Kf8 (24... Kh8 $6 25. Be6 $1 $16) 25. f6 $1 $11 {
Understanding=Fighting} Rxf6 26. Rxd6 Rc8 27. c3 Rxf1+ 28. Kxf1 Nf6 29. Nd2 b5
30. Be6 Ke7 31. Bxc8 Kxd6 32. Ke2 g6 1/2-1/2

[Event "RUS-Cup10"]
[Site "Tomsk"]
[Date "1997.07.30"]
[Round "8"]
[White "Loskutov, Oleg"]
[Black "Voitsekhovsky, Stanislav"]
[Result "0-1"]
[WhiteElo "2375"]
[BlackElo "2480"]
[Annotator "Nor,I"]
[PlyCount "106"]
[EventDate "1997.07.21"]
[EventType "swiss"]
[EventRounds "9"]
[EventCountry "RUS"]
[SourceTitle "EXT 2000"]
[Source "ChessBase"]
[SourceDate "1999.11.16"]
[SourceVersion "1"]
[SourceVersionDate "1999.11.16"]
[SourceQuality "1"]

1. e4 {Gershon} c5 2. Nf3 d6 3. d4 cxd4 4. Nxd4 Nf6 5. Nc3 a6 6. Be2 e5 7. Nb3
Be7 8. O-O O-O 9. Be3 Be6 10. Qd2 (10. Nd5 $5) 10... Nbd7 (10... Nc6 $6 11.
Rfd1 a5 12. a3 a4 13. Nc1 Qa5 14. f3 Rfd8 $1 15. b4 $1 axb3 16. Nxb3 Qc7 17.
Nb5 Qb8 18. Bb6 Rd7 19. c4 $16 {Sznapik-Staniszewski, Warszawa(zt) 1987}) (
10... Qc7 11. Nd5 Bxd5 12. exd5 Nbd7 13. c4 a5 $1 14. Qe1 Ne4 15. f3 Nec5 16.
Nxc5 Nxc5 17. Qf2 f5 18. Bxc5 dxc5 19. Qe1 Bd6 20. g3 Rf6 21. Bd3 Raf8 22. Rd1
h5 $17 {Liu Wenzhe-Ljubojevic, Luzern(ol) 1982}) 11. a4 Nb6 $6 {It is not the
best variation for black.} (11... Rc8 $5) (11... Nc5 $6 12. Nxc5 dxc5 13. Rfd1
Qxd2 14. Rxd2 Rfd8 15. Rxd8+ $1 Rxd8 16. f3 c4 17. a5 Kf8 18. Kf1 {
Yudasin-Kajumov, USSR 1983} Rc8 19. Ra4 $14 {Yudasin}) (11... b6 $5 12. Rfc1 h6
13. f3 Qb8 14. Nd5 Bxd5 15. exd5 Qb7 16. c4 a5 $1 $15 {Kruppa-Shneider, USSR
(ch) 1991}) 12. a5 (12. Rfd1 Nc4 13. Bxc4 Bxc4 14. Bg5 Rc8 15. Bxf6 gxf6 16.
Nc1 Qd7 17. Nd3 Kh8 18. Nb4 Rg8 19. f3 Rg6 20. Nbd5 Rcg8 21. Ne3 Be6 22. Kh1 f5
23. exf5 Bxf5 24. g4 Be6 25. Ne4 f5 26. Nxd6 Qc6 27. Ndxf5 Bxf5 28. Nxf5 Qxf3+
29. Qg2 Qxf5 {0-1 Zapata,A-Gruenfeld,Y/Dortmund 1984}) 12... Nc4 13. Bxc4 Bxc4
14. Rfd1 h6 $5 (14... Rc8 15. Nc1 Rc6 (15... Qc7 16. Bb6 Qc6 17. f3 h6 18. Nd3
Bxd3 19. Qxd3 Qc4 20. Be3 Rc6 21. Qxc4 Rxc4 22. Kf1 {+/= Karpov,A-Ostermeyer,P/
Hannover 1983}) (15... Be6 16. Bb6 Qe8 17. Nd3 Rc4 18. f3 Nd7 19. Bf2 f5 20. b3
Rc8 21. Nb4 Qg6 22. Ncd5 Bg5 23. Be3 Bd8 24. exf5 Rxf5 25. Kh1 Qf7 26. c4 Nc5
27. Bxc5 Rxc5 28. Nd3 Rc8 29. Nf2 Bg5 30. Qe2 Rf8 31. Ne4 Be7 32. Ne3 Rh5 33.
Nxd6 Qf4 34. Nf1 Bxd6 35. Rxd6 Bc8 36. Rad1 Qh4 37. Qe1 Qe7 38. Qe4 Bf5 39.
Qd5+ Kh8 40. Ng3 Rxh2+ 41. Kxh2 Qh4+ 42. Kg1 Qxg3 43. Rd8 {1-0 Flacker,E-Rohde,
U/NRW-II 1993}) 16. Nd3 Bxd3 17. Qxd3 Qd7 18. Bg5 Nh5 19. Be3 Nf6 20. Na4 Qe6
21. Nb6 Bd8 22. Nd5 Qc8 23. c3 $14 {Geller-Tukmakov, Erevan(zt) 1982}) 15. f3 {
It is not a nessesery move.} (15. Nc1 $5 Qc8 16. Nd3 $1 Ng4 17. Nb4 Nxe3 18.
Qxe3 f5 19. Nbd5 Bg5 20. Qxg5 Bxd5 21. Qd2 $16 {Nunn}) 15... Rc8 16. Nc1 Be6
17. Bb6 (17. Nd3 $5) 17... Qe8 18. N1a2 Nd7 19. Be3 f5 {Now the position is
starting to remind Sveshnikov variation.} 20. exf5 Rxf5 21. Nb4 Nf6 (21... Qg6
$6 22. Nbd5 Bf8 23. Qd3 Kh7 24. Rac1 Nc5 25. Bxc5 dxc5 26. Ne4 c4 27. Qc3 Kh8
28. Kh1 Qf7 29. Nb6 $16 {1/2-1/2 Kruppa,Y-Boric,M/Kiev Platonov 1995/CBM 51/
[Donev] (35)}) 22. Nbd5 Nxd5 (22... Bxd5 $6 23. Nxd5 e4 24. fxe4 Nxe4 25. Qb4 {
With a clear advantage.}) 23. Nxd5 Bg5 $1 $146 {After this good novelty the
position looks like a good "Sveshnikov" for black.He exchanges his bad bishop
and it seems like he has enough dinamic compensation for his static weaknesses.
} (23... Bf8 $6 24. b3 (24. Nb6 Rc6 25. b3 Qg6 26. Qd3 Qf7 27. c4 Rh5 28. Qe2
Qg6 29. Nd5 Rf5 30. Qd3 Qf7 31. Qe4 Kh8 32. Rac1 Qe8 33. Bb6 Be7 34. Nc7 Qc8
35. Nxe6 Qxe6 36. Re1 Bg5 37. Rcd1 Rf8 38. Qd5 Qc8 {Kaiumov,D-Blodstein,B/
UZB-ch 1993/TD 93\10/1-0 (52)}) 24... Qg6 $1 (24... Qf7 $6 25. Nb6 Rc6 26. c4
Be7 27. Qe2 Bd8 28. Nd5 Bxd5 29. Rxd5 b5 30. axb6 Bxb6 31. Kh1 Bxe3 32. Qxe3
Qc7 33. Rad1 Rf6 34. h3 Qb6 35. Qd3 Qb4 36. Kh2 Qb8 37. Re1 Rf8 38. Re4 Qc7 39.
Rg4 Rf6 40. b4 Qb6 41. c5 Qc7 42. Kh1 a5 43. Rc4 Qb8 44. cxd6 Rcxd6 45. bxa5
Qd8 46. Rcc5 {1-0 Karpov,A-Quinteros,M/Luzern olm 1982/BIG 80}) 25. Qd3 $5 Bxd5
26. Qxd5+ Qf7 27. c4 Qxd5 28. Rxd5 $14 {Da Costa Junior}) 24. Bxg5 Rxg5 25. Nc3
(25. f4 $5 Rf5 26. fxe5 Rxe5 27. Nb6 Rc6 28. Re1 $13) 25... Rd8 (25... Bh3 26.
g3 $13 (26. Qd5+ $143 Kh8 27. Rd2 Qg6 $36)) (25... Qg6 $5) 26. Ne4 Rg6 27. Qb4
$6 (27. Nc5 $142 $5 Bh3 $5 $13) 27... d5 28. Ng3 (28. Nc5 Rc8 $5) 28... d4 $6 {
Black didn't have to "sacrifise" this pawn!After 28...Qf7 he is surely not
worse.} (28... Qf7 $1) 29. Qxb7 Bd5 30. Qb4 Rb8 31. Qe1 $5 (31. Qa3 $143) 31...
h5 (31... Rxb2 $6 32. Rxd4 $16) (31... Rc6 32. c3 $5) 32. b3 h4 33. Ne4 h3 34.
g3 Qf7 35. Qe2 Rc6 36. Rd2 Rb5 37. Qd3 Qe7 38. Qf1 $6 (38. Re2 $142 $5) 38...
Bxe4 39. fxe4 Rbc5 {Now black got some compensation.} 40. Rc1 (40. Qxh3 $6 Rxc2
41. Rxc2 Rxc2 $44) 40... Qe6 $1 $44 41. Rf2 Rc8 (41... Rxa5 $6 42. Rf8+ Kh7 43.
Qf3 $40) (41... Qc8 $5 $13) 42. Qe2 Rc3 $5 43. Rcf1 Qg6 44. Qd1 Re3 $5 {
Black doesn't want a draw,but I am not sure he has reasons for this!} (44...
Qxe4 45. Qh5 $1 $11) 45. c4 Rxe4 $6 (45... Qxe4 $142 46. Qh5 $11) 46. Qd3 Qc6
47. Qf3 Qg6 48. Qd3 Qc6 49. Qf3 Qg6 50. Qd3 {It was a third time,but for some
reason white continues to play [althought he wants a draw!]} Rg4 51. Rf5 $5 Rd8
52. c5 e4 53. Qc4+ Kh7 {I guess white lost on time,because if he didn't,I
can't see the reason for resigning after 54.R1-f4!! [the only move].After 54...
e3! white's position is not so good,but he should try.} 0-1

[Event "Tan Chin Nam Cup 3rd "]
[Site "Beijing"]
[Date "1997.08.19"]
[Round "1"]
[White "Ye, Jiangchuan"]
[Black "Zhang, Zhong"]
[Result "1/2-1/2"]
[WhiteElo "2530"]
[BlackElo "2475"]
[Annotator "Nor,I"]
[PlyCount "76"]
[EventDate "1997.08.11"]
[EventType "tourn"]
[EventRounds "11"]
[EventCountry "CHN"]
[EventCategory "12"]
[SourceTitle "CBM 061"]
[Source "ChessBase"]
[SourceDate "1997.11.23"]
[SourceVersion "1"]
[SourceVersionDate "1997.11.23"]
[SourceQuality "1"]

1. e4 {Gershon} c5 2. Nf3 d6 3. d4 cxd4 4. Nxd4 Nf6 5. Nc3 a6 6. Be2 e5 7. Nb3
Be7 8. O-O O-O 9. Kh1 Qc7 10. f4 b5 11. fxe5 $5 (11. Bf3 $6 Nbd7 12. a3 Bb7 13.
f5 Rac8 14. g4 d5 $5 15. exd5 e4 $1 $17 {Zarnicki-Sadler (Buenos Aires 1995)})
(11. a4 $5 {1-0 GM Lutz-GM Shirov/F-West Open, 1996 (16)}) 11... dxe5 12. Bg5
Nbd7 13. Bd3 h6 $5 {Today we can say,that Lutz's idea [13...h6!] can be
written in the "Theory book" as good answer against "Shirov attack in Naidorf
variation"!} (13... Bb7 14. Qf3 h6 15. Bd2 Nb6 16. Qg3 Kh8 17. Rf5 Bc8 18. Rxe5
Bd6 19. Bf4 g5 20. Rc5 gxf4 21. Qh4 Bxc5 22. Qxf6+ Kg8 23. Nxc5 Qxc5 24. e5 Bb7
25. Qxh6 f5 26. exf6 Rf7 27. Qg6+ Kf8 28. Qh6+ {Shirov,A-Gelfand,B/Dos
Hermanas 1996/CBM 53/[Shirov]/1-0 (60)}) 14. Bh4 Bb7 15. Qe1 $5 (15. Qe2 $5 g6
$6 16. a4 b4 17. Nd1 Kg7 18. Ne3 Ng8 19. Bxe7 Nxe7 20. a5 Nc5 21. Nxc5 Qxc5 22.
Qf2 Kh7 23. Qf6 Rad8 24. Ng4 Ng8 25. Qxe5 Qxe5 26. Nxe5 f6 27. Nf3 b3 28. Rfd1
bxc2 29. Bxc2 Ne7 30. Nd4 Rd6 31. Nb3 Rfd8 32. Nc5 Bc8 33. Rxd6 Rxd6 34. Rd1
Rxd1+ 35. Bxd1 Nc6 36. Be2 Nxa5 37. b4 Nc6 38. Bxa6 Bxa6 39. Nxa6 Na7 40. Kg1
Kg7 41. Kf2 Kf7 42. Nc7 Ke7 43. Nd5+ Ke6 44. Ke3 Ke5 45. Ne7 g5 46. g4 Nb5 47.
Nc6+ Kd6 48. Nd4 Nc3 49. Kd3 Nd1 {Stefansson,H-Akesson,R/Nordic Grand Prix
1997/EXP 56/1-0 (60)}) (15. a3 $143 $6 $146 g6 $6 (15... Nb6 $142 $5 16. Bxf6
$5 Bxf6 17. Rxf6 $5 gxf6 18. Qg4+ Kh8 19. Qh4 Kg7 20. Qg4+ Kh7 21. Qf5+ $11)
16. Qe1 Kg7 17. a4 $5 b4 18. Na2 a5 19. c3 Ba6 $5 20. Bxa6 Rxa6 21. Qe2 Rc6 22.
Rad1 Rb8 23. cxb4 axb4 24. Nac1 $6 Nb6 25. Nd3 Nc4 $6 26. Rf3 Nh5 $2 27. Bxe7
Qxe7 28. Rdf1 f6 29. g3 $1 $16 {[%csl Rh5] 1-0 Hansen,S-Schandorff,L/DEN-ch
Esbjerg (5) 1997 (40) cbm60}) 15... Rfe8 $6 {Lutz,against Sutovsky,played
better [15...Rae8!?].The pawn on f7 needs some defense and black will
understand this soon.} (15... Rae8 $5 16. a4 b4 17. Na2 a5 18. c3 bxc3 19. Nxc3
Bb4 20. Qe2 Bxc3 21. Rac1 Qb6 22. Rxc3 Rc8 23. Rxc8 Rxc8 24. Bb5 Bxe4 25. Rd1
Bf5 26. h3 Qe6 27. Nxa5 Bxh3 28. Bc4 Qb6 29. gxh3 Qxa5 30. b3 {Sutovskij,
E-Lutz,C/Biel Credis 1996/CBM 55/0-1 (66)}) 16. a4 {There is something strange
here.If white wanted to play on king's flank [and the game showed that it is
so],he could play 16.Qe2. More than this:if he wanted to bring the knight from
c3 to e3 in order to attack,he could do it now.After all,knight does not have
to run [from the pawn on b4] to e3!It can just go there.Sutovskij against Lutz
understood that now his game is on the queen flank, so he played Na2 and c3.I
am not sure that white should "understand" this,but chessplayer should have
some logical line.Without this "line",white got a bad position without doing
any serious mistakes!} (16. Nd1 $5 $146 {Nor}) 16... b4 17. Nd1 a5 18. Ne3 g6 (
18... g5 {Looks dangerous} 19. Nf5 $1 gxh4 20. Nxh6+ Kf8 $8 (20... Kh7 21. Qxh4
$18) 21. Qxh4 $40) 19. Qf2 {If the queen stood on e2,white would play 19.Rf3.
Here it was interesting too.} (19. Rf3 $5) 19... Rf8 20. Qe2 $6 (20. Qf3 $142
$5 Kg7 (20... Rae8 $5) 21. Ng4 {With initiative,for example} Ng8 22. Bxe7 Nxe7
23. Nf6 $36) 20... Kg7 21. Rf3 $6 {Where is the logical line?!} Nb6 $1 22. Nd2
Nh5 $1 {Black is better.} 23. Qf2 (23. Bxe7 Qxe7 {[%csl Rf4][%cal Rb7h1,Yh5f4,
Gg2g3]}) 23... Bg5 $6 {Bad idea!} (23... f6 $1 {[%csl Rh4]}) 24. b3 {If black
lets white to take on g5,it doesn't mean it is good for him! White was
concerned about the rook on f3,but it is out of danger.} (24. Bxg5 hxg5 25. Nb3
{[%cal Gb3c5]} Bc8 $5 26. Nd5 $140 Nxd5 27. exd5 f5) 24... Nf4 $5 (24... Bxe3
$143 25. Qxe3 f6) (24... Bxh4 $143 $6 25. Qxh4 {/\ Nf5}) 25. Rf1 (25. Bxg5 $6
hxg5 26. Qg3 f6 $17) 25... Rad8 (25... Bxh4 $6 26. Qxh4 f5 $6 27. Rg3 $13) 26.
Bg3 $5 h5 $6 (26... f5 $6 {Is too dangerous!} 27. exf5 $1 Bxf3 28. Nxf3 Nxd3
29. cxd3 {[%csl Re5]} Bf4 $1 30. d4 $5 $13) (26... Nxd3 $142 $5 27. cxd3 Bxe3
28. Qxe3 f6) 27. Bh4 $6 (27. Ndc4 $5 Nxc4 28. Nxc4 f6) 27... f6 28. Qg3 (28.
Bxg5 $6 fxg5 29. Qg3 Kh6 $1) 28... Bxh4 29. Qxh4 (29. Nf5+ $2 Kh7 30. Nxh4 Rg8
$17 {[%csl Rh4]}) 29... Bc8 $5 (29... f5 $6 30. Qg5 $5 $13) (29... Rd4 $5) 30.
Ndc4 Nxc4 31. Bxc4 $5 (31. Nxc4 $143 $6 Be6 $17) 31... Rd4 $1 32. Nd5 Nxd5 33.
Bxd5 Ba6 $4 (33... Qd6 $1 {With a nice advantage.} 34. Rg3 $140 $2 Kh6 $3 $19)
34. Rxf6 $1 Bxf1 (34... Qe7 $2 35. Bf7 $3 $18) 35. Rxf8 Kxf8 36. Qf6+ Ke8 37.
Qxg6+ $6 (37. Bc6+ $1 Rd7 38. Qe6+ $1 (38. Bxd7+ $6 Kxd7 $1) 38... Kd8 39. Bxd7
Qxd7 (39... Bxg2+ $6 40. Kxg2 Qxd7 41. Qxe5 $16) 40. Qf6+ Ke8 41. Qxf1 $14)
37... Ke7 38. Qe6+ Kd8 $11 1/2-1/2